100 Most Populous Countries in 2050 - Statistics

General Stats
  • This quiz has been taken 65 times
    14 since last reset
  • The average score is 88 of 100
Answer Stats
Rank Population Country % Correct
43 48.3 mil Argentina
100%
10 214 mil Bangladesh
100%
8 218 mil Brazil
100%
52 38.5 mil Chad
100%
2 1.27 bil China
100%
11 161 mil Egypt
100%
24 78.4 mil Germany
100%
1 1.68 bil India
100%
18 102 mil Iran
100%
17 105 mil Japan
100%
79 16.3 mil Jordan
100%
12 149 mil Mexico
100%
50 44.2 mil Morocco
100%
39 52.0 mil Niger
100%
5 357 mil Nigeria
100%
48 45.0 mil Spain
100%
21 84.5 mil Sudan
100%
54 37.6mil Syria
100%
19 91.3 mil Turkey
100%
20 84.8 mil Uganda
100%
26 76.0 mil United Kingdom
100%
3 383 mil United States
100%
25 76.2 mil Afghanistan
89%
34 59.4 mil Algeria
89%
27 73.5 mil Angola
89%
60 32.4 mil Australia
89%
81 16.1 mil Bolivia
89%
55 37.1 mil Burkina Faso
89%
46 45.5 mil Canada
89%
96 10.5 mil Central African Republic
89%
75 20.3 mil Chile
89%
33 59.4 mil Colombia
89%
90 13.0 mil Dominican Republic
89%
9 216 mil DR Congo
89%
74 21.3 mil Ecuador
89%
7 223 mil Ethiopia
89%
29 71.2 mil France
89%
42 50.3 mil Ghana
89%
68 24.6 mil Guatemala
89%
71 23.2 mil Guinea
89%
87 14.7 mil Haiti
89%
86 14.8 mil Honduras
89%
6 320 mil Indonesia
89%
28 71.5 mil Iraq
89%
89 13.0 mil Israel
89%
38 52.1 mil Italy
89%
36 55.2 mil Ivory Coast
89%
64 26.4mil Kazakhstan
89%
56 37.1 mil Malawi
89%
49 44.2 mil Malaysia
89%
45 45.7 mil Mali
89%
32 63.0 mil Mozambique
89%
35 58.6 mil Myanmar
89%
58 34.6 mil Nepal
89%
77 19.2 mil Netherlands
89%
65 25.8 mil North Korea
89%
85 14.8 mil Papua New Guinea
89%
51 40.5 mil Peru
89%
14 134 mil Philippines
89%
98 9.79 mil Portugal
89%
95 10.9 mil Republic of the Congo
89%
80 16.1 mil Romania
89%
44 47.4 mil Saudi Arabia
89%
63 30.1 mil Senegal
89%
91 12.9 mil Sierra Leone
89%
57 36.8 mil Somalia
89%
23 78.9 mil South Africa
89%
47 45.4 mil South Korea
89%
67 24.8 mil Sri Lanka
89%
93 11.3 mil Sweden
89%
76 19.5 mil Taiwan
89%
15 128 mil Tanzania
89%
88 13.1 mil Tunisia
89%
61 32.2 mil Ukraine
89%
84 15.3 mil United Arab Emirates
89%
40 51.9 mil Uzbekistan
89%
62 31.1 mil Venezuela
89%
16 110 mil Vietnam
89%
30 70.4 mil Yemen
89%
92 11.9 mil Belgium
78%
69 24.2 mil Benin
78%
70 24.0 mil Burundi
78%
73 21.9 mil Cambodia
78%
41 50.7 mil Cameroon
78%
22 83.2 mil Kenya
78%
99 9.73 mil Laos
78%
37 52.8 mil Madagascar
78%
4 370 mil Pakistan
78%
59 32.9 mil Poland
78%
13 136 mil Russia
78%
72 22.6 mil Rwanda
78%
78 18.2 mil South Sudan
78%
82 15.5 mil Tajikistan
78%
31 66.6 mil Thailand
78%
83 15.5 mil Togo
78%
53 37.8 mil Zambia
78%
66 25.7 mil Zimbabwe
78%
97 9.84 mil Czechia
56%
100 9.61 mil Turkmenistan
56%
94 11.2 mil Azerbaijan
44%
No matching quizzes found
Score Distribution
Percent of People with Each Score
Percentile by Number Answered
Your Score History
You have not taken this quiz since the last reset